00427 a2200133 4500001001000000005001700010008004100027245003600068100001900104700001900123700001900142773011500161999001700276ART_4486420260410162026.0260409a 10aHas job stability declined yet?1 aNeumark, David1 aPolsky, Daniel1 aHansen, Daniel0 tJournal of labor economicsgChanges in job stability and job escurity - Vol. 17, NÂș 4/2 (oct. 1999)wREV43438 c33551d33551